00289nam a2200121Ia 4500008004100000041000900041082001800050100001600068245003000084260003700114300000800151650000800159230718s9999 xx 000 0 und d aEng. a659.42bMAS-L aMasud, Ross 0aLaw and order internation aPakistanbManyeol kaw bookc2009 a337 aLaw